| 000 | 00636nam a22002177a 4500 | ||
|---|---|---|---|
| 999 |
_c9437 _d9437 |
||
| 003 | AR-CdUCM | ||
| 008 | 190328b ||||| |||| 00| 0 spa d | ||
| 040 |
_aMUNICIPALIDAD PROVINCIAL DEL CUSCO _cBIBLIOTECA MUNICIPAL DEL CUSCO |
||
| 082 |
_a869.53 / _bH71 / 1947 |
||
| 100 |
_aHojeda, Diego de _925621 |
||
| 245 | _aLa Cristiada / | ||
| 260 |
_aLima : _bP.T.C.M, _c1947. |
||
| 300 |
_a326 páginas ; _c17 cm. |
||
| 440 |
_aLetras iberoamericanas _n1 _925622 |
||
| 505 | _aPoesía | ||
| 650 |
_aPoesías peruanas _91481 |
||
| 650 |
_aÉpoca colonial _91374 |
||
| 650 |
_aLiteratura peruana _9169 |
||
| 942 |
_2ddc _cLIBROS |
||
| 945 | _aacv | ||